Biochemistry : (Record no. 10639)

MARC details
000 -LEADER
fixed length control field 00696nam a22002057a 4500
003 - CONTROL NUMBER IDENTIFIER
control field URS
005 - DATE AND TIME OF LATEST TRANSACTION
control field 20260219151322.0
008 - FIXED-LENGTH DATA ELEMENTS--GENERAL INFORMATION
fixed length control field 200131b ||||| |||| 00| 0 eng d
020 ## - INTERNATIONAL STANDARD BOOK NUMBER
International Standard Book Number 9789718218525
040 ## - CATALOGING SOURCE
Original cataloging agency URS
Language of cataloging English
Transcribing agency URS
Description conventions rda
050 ## - LIBRARY OF CONGRESS CALL NUMBER
Classification number QH324
Item number .P653 2019
100 ## - MAIN ENTRY--PERSONAL NAME
Personal name Pineda, Hedeliza A.,
Relator term author.
245 ## - TITLE STATEMENT
Title Biochemistry :
Remainder of title laboratory manual /
Statement of responsibility, etc Hedeliza A. Pineda, Adoracion C. Pedroza, Marnan T. Libres.
264 ## - PUBLICATION, DISTRIBUTION, ETC. (IMPRINT)
Place of publication, distribution, etc Malabon City :
Name of publisher, distributor, etc Mutya Publishing House, Inc.,
Date of publication, distribution, etc ©2019.
300 ## - PHYSICAL DESCRIPTION
Extent 85 pages ;
Dimensions 26 cm.
504 ## - BIBLIOGRAPHY, ETC. NOTE
Bibliography, etc Includes bibliographical references.
650 #0 - SUBJECT ADDED ENTRY--TOPICAL TERM
Topical term or geographic name as entry element Biochemistry
General subdivision Laboratory manuals.
700 ## - ADDED ENTRY--PERSONAL NAME
Personal name Pedroza, Adoracion C.,
Relator term author.
942 ## - ADDED ENTRY ELEMENTS (KOHA)
Source of classification or shelving scheme Library of Congress Classification
Koha item type Filipiniana
Holdings
Withdrawn status Lost status Source of classification or shelving scheme Damaged status Not for loan Collection code Home library Current library Shelving location Date acquired Source of acquisition Total Checkouts Total Renewals Full call number Barcode Date last seen Date checked out Copy number Koha item type
    Library of Congress Classification     Non-fiction Taytay College Library Taytay College Library Filipiniana Section 01/31/2020 Donation 3 2 QH324 .P653 2019 URSTAY-4584 06/03/2025 02/13/2020 1 Filipiniana

University of Rizal System
Email us at univlibservices@urs.edu.ph

Visit our Website www.urs.edu.ph/library